Aceites de corte y aditivos industriales

-д хадгалсан:
Номзүйн дэлгэрэнгүй
Үндсэн зохиолч: Benito Vidal, R (Зохиогч)
Формат: Ном
Хэл сонгох:испани
Хэвлэсэн: Barcelona Gustavo Gili 1974
Цуврал:Biblioteca del Mecánico, 9
Нөхцлүүд:
Шошгууд: Шошго нэмэх
Шошго байхгүй, Энэхүү баримтыг шошголох эхний хүн болох!

MARC

LEADER 00000nam a2200000 a 4500
001 UCP1779
003 CL-VaPUC
008 990426e19740000SP |||||||||||||||||spa|d
082 0 4 |a 621.89  |b BEN  |2 21 
100 0 |a Benito Vidal, R  |e author  |9 428020 
245 1 0 |a Aceites de corte y aditivos industriales 
300 |a 344 p 
942 |c BK 
945 |d 19990426 00:00:00  |a cmena 
260 |a Barcelona  |b Gustavo Gili  |c 1974 
650 7 |a LUBRICANTES  |2 CL-VaPUC  |9 357608 
650 0 |a Máquinas herramientas  |9 262583 
650 0 |a Aceites lubricantes  |9 361175 
650 7 |a LUBRICACION  |2 CL-VaPUC  |9 364114 
650 0 |a Diseño de máquinas   |9 271533 
650 7 |a TURBINAS  |2 CL-VaPUC  |9 263552 
650 0 |a Grasas lubricantes   |9 364116 
583 |a last modification  |c 19990426 00:00:00  |k Rodrigo Vera 
490 0 |a Biblioteca del Mecánico, 9 
999 |c 280417  |d 280415 
952 |0 0  |1 0  |4 0  |6 621_890000000000000_BEN_1974  |7 0  |8 A  |9 320709  |a BIBMEC  |b BIBMEC  |d 2019-11-20  |i 1342185  |o 621.89 BEN 1974  |p 1342185  |r 2024-01-19  |w 2019-11-20  |y BK  |k MEC